000 01888nam a2200313 a 4500
001 000028821
003 DO-SdBNP
005 20250401145604.0
007 ta
008 110412s2010 dr ac 001 0 spa d
020 _a9789945427868
040 _aDO-SdBNP
_bspa
_cBNPHU
_erda
082 4 _a306.4016
_bO61c
_222
245 0 0 _aOpiniones y comentarios de especialistas en ciencias sociales e investigación sobre la obra Biblio-hemerografía de la cultura tradicional y popular de la República Dominicana, de Xiomarita Pérez /
_cpresentación, José G. Guerrero, Rafael Molina Morillo.
264 1 _aSanto Domingo :
_bEditora Nacional,
_c2010.
300 _a61 páginas :
_bilustraciones, retratos ;
_c21 cm.
336 _atexto
_btxt
_2rdacontent
337 _asin mediación
_bn
_2rdamedia
338 _avolumen
_bnc
_2rdacarrier
505 0 _aIntroducción --
_tPresentación: Palabras en el acto de puesta en circulación de la "Bibliohemerografía de la cultura tradicional y popular de la República Dominicana" /
_rJosé Guerrero,
_rRafael Molina Morillo --
_tEntrevistas:
_tRafael Solano --
_tFranklin Franco --
_tCarlos Andújar --
_tVirtudes Uribe --
_tRafael Cantisano --
_tBruno Rosario Candelier --
_tLucero Arboleda de Roa --
_tJohnny Ventura --
_tMartha Ellen Davis --
_tCarlos Fernández Rocha --
_tRené Merette --
_tRafael Emilio Yunén.
590 _aInventariado, 2018/MFF
600 1 4 _aPérez, Xiomarita
_xCrítica e interpretación
_955802
650 4 _aCulturas tradicionales
_xBibliografías
_955803
650 0 _aFolclore
_zRepública Dominicana
_xReseña de libros
_933448
651 4 _aRepública Dominicana
_xCultura popular
_xBibliografías
_955805
710 _aRepública Dominicana. Ministerio de Cultura. Dirección Nacional de Folklore
_bMinisterio de Cultura
_bDirección Nacional de Folklore.
_955806
910 _aValidado. Control de calidad EMS
942 _2ddc
_cLBS1
999 _c28313
_d28313